00281nam a2200109Ia 4500008004100000020001500041050002200056245004600078260002400124300001100148650001200159151021s9999 xx 000 0 und d a9966969217 aPR9381 .K24 2006  a_The devil you know Mathew Adams Karauri  aNairobi Karma 2006  a149p.  a_Novel